000 00733nam a2200241Ia 4500
003 OSt
005 20220926033904.0
006 a|||||r|||| 00| 0
007 ta
008 220923b |||||||| |||| 00| 0 eng d
037 _cGeneral Book
040 _aRTL
_cRTL
_beng
041 _2eng
_aeng
082 _aU4.252, L7
100 _aSingh Rana P B
_9131596
245 0 _aClan settlements in the Saran plain
_b A study in cu
260 _aVaranasi
_bNGSI
_c1977
300 _axx, 178p, 68 illus
_ccm.
490 _aNational Geographical Society of India, Research Publication; 18
650 _aAnthropo-Geography
_9232664
942 _hU4.252, L7
_cGB
_2CC
999 _c658199
_d658199